02585nam a22002897u 4500001001000000003000400010005001700014008004100031040000800072041000800080084002900088100002300117245013300140260008600273490004800359520164100407650002202048650001902070650002302089650001702112650002502129650002002154651001302174651001202187830006102199856003502260pwiiw3176OSt20260516120107.0130608t2013 au ||||| |||| 00| ||eng d cOSt aeng aD63aH12aP36aR202jelc1 aLeitner, Sebastian10aAnalysis of Short and Medium Term Crisis Effects on Welfare and Poverty in SEE: Stress Testing Bulgarian and Romanian Households aWien :bWiener Institut für Internationale Wirtschaftsvergleiche (wiiw),c2013.1 awiiw Balkan Observatory Working Papersv111 aIn the analysis short- and medium term effects of the crisis on household income levels by deciles and on overall inequality and poverty measures are described for the period 2008 to 2011 for Bulgaria and Romania. For the subsequent period of 2011 to 2015 we apply household stress tests. Both parts of the analysis are based on EU SILC microdata. Different transmission channels like changes in the labour market structure, subsequent but also independent income effects are depicted, but also the effect of adaptions in the fiscal and social policies of the countries. The analysis shows that relative poverty rose during the economic crisis in Bulgaria in the year 2008 up to 2011, effected not only by a substantial loss in employment, but also by a weak system of social welfare incapable to cushion the effects of the output loss. A further slight rise of poverty rates is estimated for the period up to 2015. In Romania both average income levels but also income inequality and relative poverty declined in the years 2008 to 2011. This is due to the relatively shallow decline in employment during the immediate crisis years and the effects of the introduced austerity measures. The Romanian government has cut progressively public pensions. As in Bulgaria dwindling remittances from relatives working abroad had detrimental effects on household incomes particularly in the lower deciles. The stress tests show that in the period of 2011 to 2015 also in Romania relative poverty will remain persistent. Both Bulgaria and Romania will most probably remain those two EU countries with the highest rates of relative income poverty.  aIncome inequality aincome poverty ahousehold analysis astress tests atransition economies aeconomic crisis aBulgaria aRomania 0v111wWIIW0000140twiiw Balkan Observatory Working Papers40uhttps://wiiw.ac.at/p-3176.html